000 00879cab a2200241 4500
001 WB3223-11
008 090401t1996 xxu||||| |||| 00| 0 eng d
035 _a(Sirsi) u27542
041 _aeng
245 _aStrategic role for Defence Property Agency
260 _c1996
350 _a0
490 _aRICS Press Release
_v(PR73.def) 11 June 1996,
520 _aSummarises a series of recommendations made by the RICS in response to a review of the Defence Property Agency status as a Next Steps agency. Comments on central control of MoD property assets as well as tendering methods and the application of PFI.
650 _aDEFENCE ESTATE ORGANISATION
650 _aDEFENCE PROPERTY
650 _aESTATE MANAGEMENT
650 _aMINISTRY OF DEFENCE
650 _aNEXT STEPS AGENCY
690 _aCOMMERCIAL PROPERTY-MANAGEMENT
942 _n0
948 _c04/03/1997
999 _c18542
_d18542